Полковнику никто не пишет:Повесть:Сто лет одинүчества Роман (Бичлэгийн дугаар. 1038263)

MARC дэлгэрэнгүй
000 -Удирдлага
Ном зүйн бүртгэл тоо буюу кодлох утгыг агуулсан 00722nam a22002177a 4500
008 - ЕРӨНХИЙ МЭДЭЭЛЭЛ-ЭЛЕМЕНТҮҮДИЙН ӨГӨГДЛИЙН УРТ
fixed length control field 240625b mp ||||| |||| 00| 0 mon d
020 ## - ОЛОН УЛСЫН СТАНДАРТ НОМЫН ДУГААР-ISBN
Олон Улсын Стандарт Номын Дугаар 5-280-00681-5
035 ## - СИСТЕМИЙН ХЯНАЛТЫН ДУГААР
Системийн хяналтын дугаар 16126
040 ## - ЭХ СУРВАЛЖИЙГ ТОДОРХОЙЛОН БИЧИХ
Анхны каталогийн байгууллага GA0182080
Каталогийн хэл Орос
Бичлэг хийж нэвтрүүлэх байгууллага MN-UlNLM
Өөрчлүүлэх байгууллага MN-UlNLM
Бичиглэлийн тодорхойлолт rda
041 ## - ХЭЛНИЙ КОД
Текстийн хэлний код/фонограм буюу салангид гарчиг Орос
042 ## - AUTHENTICATION CODE
Authentication code 81486
084 ## - БУСАД АНГИЛЛЫН ДУГААР
Ангиллын нэр Номын сан номзүйн ангилал
Анги 84.7Кл
Зохиогчийн 3-н тэмдэгт Г.21
100 ## - ЗОХИОГЧИЙН ХЭСЭГ
Зохиогчийн нэр Гарсиа Маркес Г.
245 #0 - ҮНДСЭН ГАРЧИГ
Гарчиг Полковнику никто не пишет:Повесть:Сто лет одинүчества Роман
264 ## - ГАРАЛТЫН МЭДЭЭ
Хэвлэгдсэн газар Москва
Бүтээгч, хэвлэгч, түгээгч, үйлдвэрлэгчийн нэр Художественная литература
Хэвлэгдсэн он 1989
300 ## - ТООНЫ МЭДЭЭ
Хуудасны тоо 431х.
336 ## - АГУУЛГЫН ТӨРӨЛ
Нөөц rdacontent
Агуулгын төрлийн нөхцөл text
Агуулгын төрлийн код txt
337 ## - MEDIA TYPE
Эх сурвалж rdamedia
Файлын төрөл unmediated
Файлын код n
338 ## - CARRIER TYPE
Source rdacarrier
Carrier type term volume
Carrier type code nc
942 ## - ЭЛЕМЕНТИЙН ТӨРӨЛ
Анги Номын сан номзүйн ангилал
Төрөл Ном
Захиалгууд
Буцаан татагдсан төлөв Хасагдсан шалтгаан Гэмтсэн төлөв Данс заагч Захиалах боломжгүй Үндсэн номын сан Одоогийн байршил Салбар танхим Салбар танхим Бүртгэсэн огноо Тавиурын заалт Баркод Үнэ Хамгийн сүүлд байсан огноо Нийт уншлаганд гарсан тоо Дансны дугаар Төрөл
          Говь-Алтай аймаг Говь-Алтай аймаг Говь-Алтай | Хүүхдийн танхим Говь-Алтай | Хүүхдийн танхим 2024-06-30 84.7Кл NNA GA01816126-3-1 1000.00 2024-06-30   844 Ном
          Говь-Алтай аймаг Говь-Алтай аймаг Говь-Алтай | Хүүхдийн танхим Говь-Алтай | Хүүхдийн танхим 2024-06-30 84.7Кл NNA GA01816126-3-2 1000.00 2024-06-30   843 Ном